| 000 | 00708cam a2200205 i 4500 | ||
|---|---|---|---|
| 001 | 37181 | ||
| 005 | 20230410102050.0 | ||
| 008 | 070327b1994 dr a 000 0 spa | ||
| 041 | 0 | _aspa | |
| 050 | 1 | 4 |
_a118 HV 6545 _bH557e 1994 |
| 100 | 1 | _aHernando, Guillermo | |
| 245 | 1 | 4 |
_aLos escritores suicidas : _bun estudio comparativo con la población general / _cGuillermo Hernando. |
| 260 |
_aSanto Domingo : _bInstituto Dominicano para la Prevención y Asistencia a la Depresión y el Suicidio (INDESUI), _c1994 |
||
| 300 | _a196 p. | ||
| 650 | 0 |
_aSuicide _xpsychology _zDominican Republic. |
|
| 650 | 0 |
_aAuthors _xSuicidal behavior. |
|
| 650 | 0 |
_aSuicide _xResearch. |
|
| 653 | _aSuicidio | ||
| 942 |
_2lcc _cbk |
||
| 999 |
_c18346 _d18346 |
||